[Event "Medellin de La Raza op"]
[Site "Medellin"]
[Date "2023.10.13"]
[Round "3"]
[White "Gonzalez Lopez, Nicolas Mateo"]
[Black "Paredes Lagos, Anthony Javier"]
[Result "0-1"]
[WhiteElo "2205"]
[BlackElo "2362"]
[PlyCount "98"]
[EventDate "2023.10.12"]
[EventType "swiss"]
[EventRounds "10"]
[EventCountry "COL"]
[SourceTitle "Mega2024 Update 01"]
[Source "Chessbase"]
[SourceDate "2023.11.12"]
[SourceVersion "1"]
[SourceVersionDate "2023.11.12"]
[SourceQuality "1"]

1. Nf3 d5 2. d4 Nf6 3. c4 dxc4 4. e3 c5 5. Bxc4 cxd4 6. exd4 g6 7. Ne5 e6 8. Bg5 Bg7 9. 0-0 0-0 10. Nc3 h6 11. Be3 Nc6 12. Nxc6 bxc6 13. Rc1 a5 14. h3 Ba6 15. Qe2 Bxc4 16. Qxc4 Rc8 17. Rfd1 Nd5 18. Ne4 Qb6 19. Rc2 Rfd8 20. Qc5 Qa6 21. a3 f5 22. Nd6 Ra8 23. Nc4 Bf8 24. Qxa5 Qxa5 25. Nxa5 Rxa5 26. Rxc6 Kf7 27. Re1 Ra4 28. g3 g5 29. Kg2 Rd6 30. Rxd6 Bxd6 31. Rd1 Rc4 32. Kf3 Ke7 33. Rd3 Rc2 34. b4 Kd7 35. Bd2 Kc6 36. Ke2 Kb5 37. Kd1 Ra2 38. g4 Kc4 39. Rf3 f4 40. h4 Nf6 41. hxg5 hxg5 42. Rc3+ Kxd4 43. f3 Nd5 44. Rc6 Kd3 45. Rxd6 Rxd2+ 46. Ke1 Ra2 47. Rxe6 Rxa3 48. Rd6 Kd4 49. Rg6 Ke3 0-1

[Event "Criciuma op"]
[Site "Criciuma"]
[Date "2023.01.15"]
[Round "4"]
[White "Rodi, Luis Ernesto"]
[Black "Paredes Lagos, Anthony Javier"]
[Result "1/2-1/2"]
[WhiteElo "2295"]
[BlackElo "2332"]
[PlyCount "23"]
[EventDate "2023.01.13"]
[EventType "swiss"]
[EventRounds "9"]
[EventCountry "BRA"]
[SourceTitle "CBM 212 Extra"]
[Source "ChessBase"]
[SourceDate "2023.03.31"]
[SourceVersion "1"]
[SourceVersionDate "2023.03.31"]
[SourceQuality "1"]

1. e4 c5 2. Nc3 Nc6 3. Bb5 Nd4 4. Nf3 a6 5. Bd3 Nc6 6. 0-0 e6 7. e5 f5 8. Re1 Nh6 9. Bf1 Nf7 10. d4 cxd4 11. Nxd4 Qc7 12. Nxc6 1/2-1/2

[Event "Cali Valle Colombia op-A"]
[Site "Cali Valle Colombia"]
[Date "2022.12.29"]
[Round "7"]
[White "Paredes Lagos, Anthony Javier"]
[Black "Mirzoev, Azer"]
[Result "1/2-1/2"]
[WhiteElo "2217"]
[BlackElo "2471"]
[PlyCount "97"]
[EventDate "2022.12.26"]
[EventType "swiss"]
[EventRounds "9"]
[EventCountry "COL"]
[SourceTitle "CBM 211 Extra"]
[Source "ChessBase"]
[SourceDate "2023.01.31"]
[SourceVersion "1"]
[SourceVersionDate "2023.01.31"]
[SourceQuality "1"]

1. d4 Nf6 2. Nf3 e6 3. Bf4 d5 4. e3 c5 5. Nbd2 Nc6 6. c3 Bd6 7. Bg3 0-0 8. Bd3 b6 9. e4 Be7 10. Ne5 Bb7 11. Nxc6 Bxc6 12. e5 Ne4 13. 0-0 Qd7 14. Re1 Nxg3 15. hxg3 Bb5 16. Qe2 Bxd3 17. Qxd3 c4 18. Qc2 b5 19. g4 b4 20. Re3 Rab8 21. Rh3 g6 22. Nf3 f5 23. exf6 Bxf6 24. Re1 bxc3 25. bxc3 Rb6 26. Qd2 a5 27. g5 Bg7 28. Nh2 Qf7 29. Rf3 Qe7 30. Rxf8+ Qxf8 31. Qc2 Qa3 32. Ng4 Rb2 33. Qc1 Qxa2 34. Qe3 Rb6 35. Nh6+ Bxh6 36. gxh6 Qa3 37. Qe5 Qf8 38. Qc7 Rb2 39. f3 Qxh6 40. Qc8+ Qf8 41. Qxe6+ Qf7 42. Qc8+ Kg7 43. Qd8 Rb7 44. Qxa5 h5 45. Qd8 Rd7 46. Qg5 Qf6 47. Qg3 Re7 48. Rxe7+ Qxe7 49. Kf2 1/2-1/2

[Event "Palmira Fortalece Sede"]
[Site "Palmira"]
[Date "2022.12.17"]
[Round "8"]
[White "Paredes Lagos, Anthony Javier"]
[Black "Mirzoev, Azer"]
[Result "0-1"]
[WhiteElo "2217"]
[BlackElo "2471"]
[PlyCount "136"]
[EventDate "2022.12.13"]
[EventType "swiss"]
[EventRounds "10"]
[EventCountry "COL"]
[SourceTitle "CBM 211 Extra"]
[Source "ChessBase"]
[SourceDate "2023.01.31"]
[SourceVersion "1"]
[SourceVersionDate "2023.01.31"]
[SourceQuality "1"]

1. d4 d5 2. Nf3 Nf6 3. c4 c6 4. g3 Bf5 5. Nc3 e6 6. Qb3 Qb6 7. c5 Qc7 8. Bf4 Qc8 9. Nh4 Bg4 10. h3 Bh5 11. g4 Bg6 12. Nxg6 hxg6 13. Bg2 Nbd7 14. Qd1 Be7 15. b4 Bd8 16. e3 Bc7 17. Bxc7 Qxc7 18. f4 b6 19. 0-0 a5 20. a3 0-0 21. g5 Nh7 22. h4 Rfb8 23. Qc2 Nhf8 24. Bf3 Ra7 25. Ra2 Rba8 26. Rfa1 Qd8 27. Be2 f6 28. Bf3 Kh8 29. Qh2 axb4 30. axb4 Rxa2 31. Rxa2 Rxa2 32. Qxa2 bxc5 33. bxc5 e5 34. fxe5 fxe5 35. Nxd5 exd4 36. exd4 Ne6 37. Qf2 cxd5 38. Qe3 Ndf8 39. Qe5 Qc7 40. Bxd5 Qxe5 41. dxe5 Nxc5 42. Bf7 Kh7 43. Kf1 Nfe6 44. Ke2 Nd8 45. Be8 Nce6 46. Ke3 Nc7 47. Ba4 Kg8 48. Bb3+ Nde6 49. Kf3 Kf7 50. Bc4 Na8 51. Ke3 Nb6 52. Bb3 Nc8 53. Bd1 Ne7 54. h5 Nf5+ 55. Kd2 Nxg5 56. hxg6+ Ke6 57. Ba4 Kxe5 58. Ke2 Kf4 59. Kf2 Ne7 60. Be8 Nf3 61. Bb5 Nh4 62. Ba6 Nhxg6 63. Bb7 Ne5 64. Bg2 Nf5 65. Kg1 Kg3 66. Be4 Ne3 67. Bb7 Nf3+ 68. Kh1 Ng4 0-1

[Event "Palmira Fortalece Sede"]
[Site "Palmira"]
[Date "2022.12.14"]
[Round "3"]
[White "Mogollon Tobar, Nicolle Juliet"]
[Black "Paredes Lagos, Anthony Javier"]
[Result "0-1"]
[WhiteElo "1899"]
[BlackElo "2217"]
[PlyCount "70"]
[EventDate "2022.12.13"]
[EventType "swiss"]
[EventRounds "10"]
[EventCountry "COL"]
[SourceTitle "CBM 211 Extra"]
[Source "ChessBase"]
[SourceDate "2023.01.31"]
[SourceVersion "1"]
[SourceVersionDate "2023.01.31"]
[SourceQuality "1"]

1. e4 e5 2. Nf3 Nc6 3. d4 exd4 4. Bc4 Nf6 5. e5 d5 6. Bb5 Ne4 7. Nxd4 Bd7 8. Bxc6 bxc6 9. 0-0 Bc5 10. f3 Ng5 11. f4 Ne4 12. Be3 Bb6 13. Nd2 c5 14. N4f3 Bf5 15. Nxe4 Bxe4 16. Ng5 Bf5 17. Qh5 Qd7 18. a4 a5 19. Kh1 Bg6 20. Qd1 h6 21. Nf3 d4 22. Bg1 0-0-0 23. Nd2 Kb8 24. Nc4 Be4 25. Qd2 h5 26. Ra3 h4 27. h3 d3 28. Kh2 dxc2 29. Qf2 Qd4 30. Rc3 Qxf2 31. Bxf2 Rd1 32. Ne3 Rxf1 33. Nxf1 Rd8 34. Ne3 Rd1 35. Nxc2 Rd2 0-1

[Event "Palmira Fortalece Sede"]
[Site "Palmira"]
[Date "2022.12.14"]
[Round "2"]
[White "Paredes Lagos, Anthony Javier"]
[Black "Rodriguez Velasco, German Enrique"]
[Result "0-1"]
[WhiteElo "2217"]
[BlackElo "2071"]
[PlyCount "192"]
[EventDate "2022.12.13"]
[EventType "swiss"]
[EventRounds "10"]
[EventCountry "COL"]
[SourceTitle "CBM 211 Extra"]
[Source "ChessBase"]
[SourceDate "2023.01.31"]
[SourceVersion "1"]
[SourceVersionDate "2023.01.31"]
[SourceQuality "1"]

1. d4 Nf6 2. Nf3 e6 3. Bf4 c5 4. e3 cxd4 5. exd4 b6 6. c3 Bb7 7. Nbd2 Be7 8. h3 0-0 9. Bd3 d6 10. Qe2 Qc7 11. Bh2 a6 12. a4 Nbd7 13. 0-0 Rfe8 14. Rfe1 Bf8 15. Nc4 Qc6 16. Qc2 h6 17. Bf1 Rac8 18. Qc1 Qd5 19. Ne3 Qc6 20. Nc2 b5 21. axb5 axb5 22. Qe3 Nb6 23. Qe2 Qc4 24. Ra5 Be4 25. Qxe4 Nxe4 26. Bxc4 Nxc4 27. Rxb5 f5 28. Rb4 g5 29. d5 exd5 30. Nfd4 f4 31. f3 Nc5 32. Rxe8 Rxe8 33. g3 Nd3 34. Rb7 Ncxb2 35. gxf4 gxf4 36. Bxf4 Nxf4 37. Rxb2 Nxh3+ 38. Kh2 Nf4 39. Rb7 Ne2 40. Rc7 Bg7 41. Nf5 Bxc3 42. Nxh6+ Kh8 43. f4 Re6 44. Nf7+ Kg8 45. Ng5 Rh6+ 46. Kg2 Nxf4+ 47. Kf3 Be5 48. Ne3 Rg6 49. Nf7 Rf6 50. Ng4 Re6 51. Nfh6+ Kf8 52. Nf5 Ke8 53. Rb7 Nd3 54. Nge3 Rf6 55. Kg4 Nf2+ 56. Kh5 Rf7 57. Rxf7 Kxf7 58. Nxd5 Ke6 59. Nfe3 Bd4 60. Kg5 Ke5 61. Kg6 Ke4 62. Kf7 Bxe3 63. Ke6 Bc5 64. Nc3+ Kd3 65. Nb5 Ne4 66. Nc7 Kc4 67. Kf5 Nc3 68. Ke6 d5 69. Nxd5 Nxd5 70. Ke5 Nb6 71. Ke4 Bd4 72. Kf4 Kd5 73. Kf3 Ke5 74. Kg3 Ke4 75. Kg4 Be5 76. Kg5 Nd7 77. Kg6 Nc5 78. Kg5 Kf3 79. Kf5 Bc7 80. Kg5 Kg3 81. Kf5 Kh4 82. Kf6 Kg4 83. Kg6 Bd8 84. Kf7 Kf5 85. Ke8 Bg5 86. Kf7 Nd3 87. Ke8 Ne5 88. Kf8 Ke6 89. Ke8 Kd6 90. Kf8 Kd7 91. Kg7 Ke8 92. Kg8 Bh6 93. Kh7 Bf8 94. Kg8 Ke7 95. Kh7 Kf7 96. Kh8 Nd7 0-1

[Event "Jamundi Fortalece Sede op"]
[Site "Jamundi"]
[Date "2022.12.11"]
[Round "10"]
[White "Paredes Lagos, Anthony Javier"]
[Black "Henriquez Villagra, Cristobal"]
[Result "0-1"]
[WhiteElo "2217"]
[BlackElo "2587"]
[PlyCount "136"]
[EventDate "2022.12.05"]
[EventType "swiss"]
[EventRounds "10"]
[EventCountry "COL"]
[SourceTitle "CBM 211 Extra"]
[Source "ChessBase"]
[SourceDate "2023.01.31"]
[SourceVersion "1"]
[SourceVersionDate "2023.01.31"]
[SourceQuality "1"]

1. d4 Nf6 2. g3 d5 3. Nf3 c6 4. c4 Bf5 5. Qb3 Qb6 6. c5 Qxb3 7. axb3 Nbd7 8. b4 a6 9. Nc3 Rc8 10. Bg2 h6 11. 0-0 e6 12. Nd2 g5 13. f3 Bc2 14. e4 Bg7 15. Re1 Ng8 16. exd5 Bxd4+ 17. Kh1 Bxc3 18. dxc6 Bxb4 19. cxb7 Rxc5 20. Rxa6 Rd5 21. f4 Bxd2 22. Bxd2 Rxd2 23. Bc6 Kd8 24. Ra8+ Kc7 25. Rc8+ Kb6 26. Re5 Ba4 27. Bxa4 Kxb7 28. Bxd7 Rxd7 29. Rec5 g4 30. Re8 Rc7 31. Rb5+ Kc6 32. Rbb8 Kd5 33. Red8+ Ke4 34. Kg2 Rc2+ 35. Kg1 h5 36. Rb5 f6 37. Re8 Rc6 38. h4 gxh3 39. Kh2 h4 40. Kxh3 hxg3+ 41. Kxg3 Rd6 42. Rbb8 Kf5 43. Rb5+ Kg6 44. Rbb8 Kf7 45. b4 Rd3+ 46. Kg2 Rd2+ 47. Kg3 Rb2 48. Rf8+ Kg6 49. Rxg8+ Rxg8 50. Rxg8+ Kf5 51. Rb8 Rb3+ 52. Kf2 Kxf4 53. Rb6 Ke5 54. Rb8 f5 55. b5 Ke4 56. b6 e5 57. b7 f4 58. Ke2 f3+ 59. Kf2 Rb2+ 60. Kg1 Ke3 61. Re8 Rb1+ 62. Kh2 Rxb7 63. Rxe5+ Kf2 64. Rh5 Rf7 65. Rh8 Kf1 66. Rb8 f2 67. Rb2 Ke1 68. Ra2 f1Q 0-1

[Event "Jamundi Fortalece Sede op"]
[Site "Jamundi"]
[Date "2022.12.06"]
[Round "3"]
[White "Mateus Urbano, Luis Alejandro"]
[Black "Paredes Lagos, Anthony Javier"]
[Result "1/2-1/2"]
[WhiteElo "2300"]
[BlackElo "2217"]
[PlyCount "63"]
[EventDate "2022.12.05"]
[EventType "swiss"]
[EventRounds "10"]
[EventCountry "COL"]
[SourceTitle "CBM 211 Extra"]
[Source "ChessBase"]
[SourceDate "2023.01.31"]
[SourceVersion "1"]
[SourceVersionDate "2023.01.31"]
[SourceQuality "1"]

1. e4 d6 2. d4 Nf6 3. Nc3 e5 4. Nf3 Nbd7 5. Bc4 Be7 6. 0-0 0-0 7. Re1 c6 8. a4 a5 9. Ba2 Qc7 10. h3 Re8 11. Ng5 Rf8 12. Be3 exd4 13. Bxd4 h6 14. Nf3 Ne5 15. Nh4 Nh7 16. Nf3 Bf6 17. Nxe5 dxe5 18. Be3 Ng5 19. Qh5 Qe7 20. Rad1 Be6 21. h4 Nh7 22. Bxe6 Qxe6 23. Bc5 Be7 24. Bxe7 Qxe7 25. Rd3 Nf6 26. Qf5 g6 27. Qf3 Kg7 28. Red1 Rfd8 29. g3 Rxd3 30. Qxd3 Qb4 31. Kg2 Re8 32. b3 1/2-1/2

[Event "Sabaneta op-A 1st"]
[Site "Sabaneta"]
[Date "2022.11.28"]
[Round "6"]
[White "Strikovic, Aleksa"]
[Black "Paredes Lagos, Anthony Javier"]
[Result "0-1"]
[WhiteElo "2463"]
[BlackElo "2230"]
[PlyCount "94"]
[EventDate "2022.11.25"]
[EventType "swiss"]
[EventRounds "10"]
[EventCountry "COL"]
[SourceTitle "CBM 211 Extra"]
[Source "ChessBase"]
[SourceDate "2023.01.31"]
[SourceVersion "1"]
[SourceVersionDate "2023.01.31"]
[SourceQuality "1"]

1. c4 e6 2. Nf3 d5 3. e3 Be7 4. Nc3 Nf6 5. b3 c5 6. cxd5 Nxd5 7. Nxd5 Qxd5 8. Bb2 0-0 9. Bc4 Qd8 10. Qc2 Bf6 11. Bxf6 Qxf6 12. Rc1 h6 13. 0-0 Nd7 14. Bb5 b6 15. Qe4 Rb8 16. Qa4 Rb7 17. d4 Qe7 18. Rfd1 a5 19. Qa3 Rc7 20. Nd2 Bb7 21. Bf1 Rfc8 22. Nc4 Bd5 23. g3 Qf6 24. Nd6 Qf3 25. e4 Bxe4 26. Nxe4 Qxe4 27. Bg2 Qf5 28. d5 Nf6 29. dxe6 Qxe6 30. Re1 Qf5 31. Qa4 Rd7 32. Re2 Rcd8 33. h3 Rd1+ 34. Rxd1 Rxd1+ 35. Kh2 Qd7 36. Qf4 Qd6 37. Qf5 g6 38. Qf3 Qd8 39. Qb7 Rd7 40. Qc6 Kg7 41. Bf3 Rd2 42. Rxd2 Qxd2 43. Kg2 Qxa2 44. Qxb6 Qa3 45. Be2 Qb4 46. Qc7 Qxb3 47. Qxc5 Qd5+ 0-1